Communes Limitrophes d'Amiens - Statistiques

Statistiques générales
  • Ce quiz a été pris 211 fois
  • Le résultat moyen est 7 sur 13
Statistiques - réponses
Communes % Correct
Est Longueau
80%
Nord-Est Rivery
78%
Est Camon
77%
Sud-Ouest Salouël
77%
Sud Dury
76%
Nord Poulainville
57%
Sud-Ouest Pont-de-Metz
52%
Sud-Est Cagny
49%
Ouest Dreuil-lès-Amiens
49%
Sud Saint-Fuscien
34%
Ouest Saveuse
32%
Nord-Est Allonville
25%
Nord-Ouest Argœuves
17%
Aucun quiz correspondant
Distribution des résultats
% des personnes avec chaque résultat
Percentile par nombre de réponses
Votre historique - résultats
Vous n’avez pas pris ce quiz